2023-2024 Turkish League Teams - Statistics

General Stats
  • This quiz has been taken 89 times
  • The average score is 39 of 138
Answer Stats
Answer % Correct
Galatasaray
98%
Fenerbahçe
94%
Trabzonspor
92%
Antalyaspor
90%
Beşiktaş
90%
MKE Ankaragücü
82%
Gaziantep FK
80%
Alanyaspor
78%
İstanbul Başakşehir
76%
Konyaspor
76%
Çaykur Rizespor
75%
Kayserispor
73%
Samsunspor
73%
Bursaspor
71%
Hatayspor
71%
İstanbulspor
71%
Kasımpaşa
71%
Adana Demirspor
69%
Fatih Karagümrük
67%
Pendikspor
63%
Sivasspor
63%
Göztepe
53%
Adanaspor
51%
Eyüpspor
51%
Altay
49%
Gençlerbirliği
49%
Giresunspor
47%
Vanspor
47%
Bodrumspor
41%
Boluspor
41%
Ümraniyespor
41%
Ankaraspor
39%
Denizlispor
39%
Kocaelispor
39%
Manisa FK
39%
Sakaryaspor
39%
Amedspor
37%
Bandırmaspor
37%
Çorum FK
37%
Yeni Malatyaspor
37%
Karşıyaka
35%
Erzurumspor
33%
Yeni Mersin İdman Yurdu
33%
Ankara Keçiörengücü
31%
Balıkesirspor
31%
Diyarbekirspor
31%
Iğdır FK
31%
Karabük İdman Yurdu
31%
Tuzlaspor
31%
Akhisarspor
29%
Batman Petrolspor
29%
Edirnespor
29%
Kırklarelispor
29%
Altınordu
27%
Bucaspor 1928
27%
Kastamonuspor
27%
Afjet Afyonspor
25%
Elazığspor
25%
Kahramanmaraşspor
25%
Karaman FK
25%
Sarıyer FK
25%
Zonguldak Kömürspor
25%
1461 Trabzon FK
24%
24 Erzincanspor
24%
Düzcespor
24%
Isparta 32 Spor
24%
Siirt İl Özel İdare Spor
24%
Adıyaman FK
22%
Kırıkkale Büyük Anadoluspor
22%
Mardin 1968 Spor
22%
Ağrı 1970 Spor
20%
Menemen FK
20%
Tokat Plevne Belediyespor
20%
Esenler Erokspor
18%
Gümüşhane Sportif Faaliyetler
18%
Uşakspor
18%
Ankara Demirspor
16%
Bayburt Özel İdare
16%
Fethiyespor
16%
İnegölspor
16%
Karacabey Belediyespor
16%
Kırşehir FSK
16%
Nazilli Belediyespor
16%
Osmaniyespor FK
16%
Tarsus İdman Yurdu
16%
Aliağa Futbol A.Ş.
14%
Amasyaspor FK
14%
Belediye Kütahyaspor
14%
Darıca Gençlerbirliği
14%
İskenderunspor
14%
Somaspor
14%
Beyoğlu Yeni Çarşı
12%
Kepez Belediyespor
12%
Nevşehir Belediyespor
12%
Serik Belediyespor
12%
52 Orduspor FK
10%
68 Aksaray Belediyespor
10%
Bornova FK
10%
Derince Belediyespor
10%
Fatsa Belediyespor
10%
Malatya Arguvan SK
10%
Orduspor 1967
10%
Çankaya FK
8%
Efeler 09 SFK
8%
İnegöl Kafkas Gençlikspor
8%
Sivas Belediyespor
8%
1922 Konyaspor
6%
Arnavutköy Belediyespor
6%
Artvin Hopaspor
6%
Ayvalıkgücü Belediyespor
6%
Etimesgut Belediyespor
6%
Kuşadasıspor
6%
Sapanca Gençlikspor
6%
Sebat Gençlikspor
6%
Silivrispor
6%
Talasgücü Belediyespor
6%
23 Elazığ FK
4%
Adana 1954 FK
4%
Bergama Belediyespor
4%
Büyükçekmece Tepecikspor
4%
Çatalcaspor
4%
Erbaaspor
4%
Eynesil Belediyespor
4%
Pazarspor
4%
Silifke Belediyespor
4%
Turgutluspor
4%
Alanya Kestelspor
2%
Anadolu Üniversitesi
2%
Bursa Yıldırımspor
2%
Ergene Velimeşespor
2%
Hacettepe 1945 SK
2%
Kahramanmaraş İstiklalspor
2%
Küçükçekmece Sinopspor
2%
Sultanbeyli Belediyespor
2%
1954 Kelkit Belediyespor
0%
Bulvarspor
0%
Karbel Karaköprü Belediyespor
0%
Muş 1984 Spor
0%
No matching quizzes found
Score Distribution
Percent of People with Each Score
Percentile by Number Answered
Your Score History
You have not taken this quiz